000
00303nam a2200145Ia 4500
100
_a
Cadenhead/ Rogers
942
_c
BK
654
_a
computer
245
_a
T.Y. Java 1.2. in 24 hours
260
_b
Techmedia
_c
1998
082
_a
005.133'J'
_b
CAD
300
_a
429
546
_a
ENGLISH
999
_c
19749
_d
19749